The genius of Italy

Na minha lista:
Detalhes bibliográficos
Autor principal: Olschki, Leonardo
Formato: Livro
Idioma:Undetermined
Publicado em: New York Oxford University Press 1949
Assuntos:
Tags: Adicionar Tag
Sem tags, seja o primeiro a adicionar uma tag!
Thư viện lưu trữ: Trung tâm Học liệu Trường Đại học Cần Thơ
LEADER 00514nam a2200193Ia 4500
001 CTU_219322
008 210402s9999 xx 000 0 und d
082 |a 945 
082 |b O.42 
100 |a Olschki, Leonardo 
245 4 |a The genius of Italy 
245 0 |c Leonardo Olschki 
260 |a New York 
260 |b Oxford University Press 
260 |c 1949 
650 |a Italy,Nước Ý 
650 |x Civilization,Văn minh 
904 |i Qhieu 
980 |a Trung tâm Học liệu Trường Đại học Cần Thơ